000 01018nas a2200349 4500
001 BR0300426
003 BR-BrBNA
005 20231205103525.0
007 ta
008 230509b bl.|||p| |||| 00| 00por d
040 _aBR-BrBNA
_bpor
_cBiblioteca Nacional de Agricultura
041 _a(Pt)
072 _aJ10
100 1 _aPádua, G.P.
100 1 _aVieira, R.D.
245 1 _aDeterioração de sementes de algodão durante o armazenamento
650 _aALGODÃO
650 _aTESTE DE SEMENTES
650 _aARMAZENAMENTO
650 _aTRATAMENTO DE SEMENTE
650 _aTRATAMENTO FITOSSANITÁRIO
650 _aCONTROLE DE QUALIDADE
650 _aFISIOLOGIA VEGETAL
650 _aINSETICIDA
650 _aFUNGICIDA
650 _aGERMINAÇÃO
650 _aPRECOCIDADE VEGETAL
650 _aDETERIORAÇÃO
773 0 _tRevista Brasileira de Sementes (Brazil)
_xISSN 0101-3122
_g(2001), v. 23(2) p. 255-262
_wBR0300426
909 _a202311
_bLúcia
_c55
_dLúcia Elande
942 _2AGRIS
_n0
_cANA
999 _c173323
_d173323